| 000 | 00917cam a2200217 4500 | ||
|---|---|---|---|
| 001 | WB3732-07 | ||
| 008 | 010830n2001 000 0 eng u | ||
| 035 | _a(Sirsi) u114397 | ||
| 245 | _aRethinking Construction | ||
| 260 | _c2001 | ||
| 490 |
_aDTI Press Release _v(452) 24 August 2001, (3) |
||
| 520 | _aGovernment has announced that the Rethinking Construction Initiative, aimed at driving up safety and reliability standards in the industry, will continue for another two years after March 2002. The extension is the result of a consultation within the industry, which revealed strong support for the initiative's continuation, but with a simpler, more integrated structure. | ||
| 590 | _aWB | ||
| 650 | _aEGAN REFORMS | ||
| 650 | _aCONSTRUCTION BEST PRACTICE PROGRAMME | ||
| 650 | _aREFORM | ||
| 650 |
_aHEALTH AND SAFETY _96244 |
||
| 650 | _aSTANDARDS | ||
| 690 | _aBUILT ENVIRONMENT | ||
| 942 | _n0 | ||
| 999 |
_c68130 _d68130 |
||